Mediación penal /

Guardado en:
Autor Principal: Mill, Rita Aurora.
Otros Autores: García Ramírez, Sergio, (prol.)
Formato: Libro
Idioma:Spanish
Publicado: Santa Fé : Rubinzal - Culzoni, 2013.
Edición:1a. ed.
Materias:
Etiquetas: Agregar Etiqueta
Sin Etiquetas, Sea el primero en etiquetar este registro!
LEADER 00589nam a22001935a 4500
001 DER.der013983
008 190905s2013####ag#||||||||||||||#||spa||
005 20240822141747.0
245 1 0 |a Mediación penal /  |c Rita Aurora Mill ; prólogo de Sergio García Ramírez. 
250 |a 1a. ed. 
260 |a Santa Fé :  |b Rubinzal - Culzoni,  |c 2013. 
300 |a 264 p. 
501 |a CD. 
020 |a 9789873006036 
100 1 |a Mill, Rita Aurora. 
700 1 |a García Ramírez, Sergio,  |e prol. 
650 7 |a MEDIACION 
650 7 |a MEDIACION PENAL 
859 |a DERECHO  |b BIB. DERECHO  |h 347.09  |i MIL  |k 1.10  |p 009147  |t 1